|
|
|
|
| LEADER |
00998nam a2200229 a 4500 |
| 008 |
091021s2003 bg 001 0 eng d |
| 020 |
|
|
|c Tk700.00
|
| 082 |
0 |
0 |
|a 345.549/2/002632
|a 345.49205002632
|2 22
|
| 110 |
1 |
|
|a Bangladesh.
|
| 245 |
1 |
4 |
|a The Penal Code (Act XLV of 1860)
|
| 250 |
|
|
|a 1st ed.
|
| 260 |
|
|
|a Dhaka :
|b Dhaka Law Reports,
|c 2003.
|
| 300 |
|
|
|a 732 p. ;
|c 25 cm.
|
| 500 |
|
|
|a Cover title.
|
| 504 |
|
|
|a Includes index.
|
| 541 |
1 |
|
|e 00014708
|
| 650 |
|
0 |
|a Criminal law
|z Bangladesh.
|
| 710 |
1 |
|
|a Dhaka Law Reports.
|
| 852 |
4 |
|
|a Ayesha Abed Library
|j General Shelf.
|
| 999 |
|
|
|c 4757
|d 4757
|
| 952 |
|
|
|0 0
|1 4
|2 ddc
|4 0
|6 345_549200263200000_PEN
|7 0
|9 4565
|a BRACUL
|b BRACUL
|c GEN
|d 2009-10-21
|g 700.00
|l 0
|o 345.5492002632 PEN
|p 3010014708
|r 2009-10-21
|t 1
|v 1400.00
|w 2009-10-21
|y BK
|x Koha Inventory 2020
|
| 952 |
|
|
|0 0
|1 0
|2 ddc
|4 1
|6 345_549200263200000_PEN_2003
|7 0
|9 8648
|a BRACUL
|b BRACUL
|d 2010-03-18
|l 43
|m 291
|o 345.5492002632 PEN
|p 3010014709
|r 2026-02-02
|s 2025-10-13
|t 2
|w 2010-03-18
|y BK
|x Damages declared on 02/02/2026
|